| 000 | 01378cam a22003857a 4500 | ||
|---|---|---|---|
| 001 | 13749484 | ||
| 003 | NUST | ||
| 005 | 20231226113815.0 | ||
| 008 | 041013r20041986nz a 001 0 eng d | ||
| 010 | _a 2004463568 | ||
| 020 | _a0790003813 (hbk.) | ||
| 035 | _z(nzNZBN)8866343 | ||
| 035 | _a(nzNZBN)8498339 | ||
| 038 | _aAZHAR | ||
| 040 |
_aNZNB _cNZNB _dDLC |
||
| 042 | _alccopycat | ||
| 043 | _au-nz--- | ||
| 050 | 0 | 0 |
_aQK463 _b.S344 2004 |
| 082 | 0 | 0 |
_a582.160993 _bSAL |
| 100 | 1 |
_aSalmon, John T. _q(John Tenison), _d1910- _9119723 |
|
| 240 | 1 | 0 | _aField guide to the native trees of New Zealand |
| 245 | 1 | 4 |
_aThe Reed field guide to New Zealand native trees / _cJ.T. Salmon. |
| 246 | 3 | 0 | _aField guide to the native trees of New Zealand |
| 246 | 3 | 0 | _aNew Zealand native trees |
| 260 |
_aAuckland : _bReed, _c2004. |
||
| 300 |
_a228 p. : _bchiefly col. ill. ; _c22 cm. |
||
| 500 | _aOriginally published: A field guide to the native trees of New Zealand. Reed Methuen, 1986. | ||
| 500 | _aIncludes indexes. | ||
| 563 | _aPB | ||
| 650 | 0 |
_aTrees _zNew Zealand _vIdentification. _9119724 |
|
| 650 | 0 |
_aTrees _zNew Zealand _vPictorial works. _9119725 |
|
| 906 |
_a7 _bcbc _ccopycat _d2 _encip _f20 _gy-gencatlg |
||
| 942 |
_2ddc _cBK |
||
| 999 |
_c607341 _d607341 |
||